[Event "Madrid ch 2016-2017 - Final"]
[Site "Madrid ESP"]
[Date "2017.06.05"]
[Round "1.1"]
[White "Gascon Del Nogal, Jose Rafael"]
[Black "Rottenwohrer Suarez, Juan"]
[Result "1/2-1/2"]
[WhiteElo "2490"]
[BlackElo "2204"]
[PlyCount "88"]
[EventDate "2017.06.05"]
[EventType "swiss"]
[EventRounds "9"]
[EventCountry "ESP"]
[SourceTitle "Ajedrez en Madrid"]
[Source "lmi"]
[SourceDate "2017.06.05"]

1. c4 Nf6 2. Nc3 g6 3. e4 d6 4. d4 Bg7 5. Nge2 O-O 6. Ng3 e5 7. d5 h5 8. h4 Qe8
9. Be2 a5 10. Bg5 Ng4 11. f3 f6 12. fxg4 fxg5 13. gxh5 gxh4 14. Rxh4 Qe7 15.
Rh2 Qg5 16. Nf1 Na6 17. Bf3 gxh5 18. Rxh5 Qg6 19. Rh1 Nc5 20. Qd2 Rf4 21. Rd1
Bg4 22. Nh2 Nxe4 23. Nxe4 Rxe4+ 24. Kf2 Rxc4 25. Bxg4 Rc2 26. Be6+ Kf8 27. Nf3
Rxd2+ 28. Rxd2 e4 29. Nh4 e3+ 30. Ke2 Qf6 31. Rc2 Qd4 32. Rf1+ Ke8 33. Nf5 Qg4+
34. Kxe3 Qg5+ 35. Kd3 Be5 36. Rh1 c5 37. Re2 c4+ 38. Kc2 Ra6 39. Rh4 Rb6 40.
Rxe5 Rxb2+ 41. Kxb2 Qd2+ 42. Kb1 Qd1+ 43. Kb2 Qd2+ 44. Kb1 Qd1+ 1/2-1/2

[Event "Madrid ch 2016-2017 - Final"]
[Site "Madrid ESP"]
[Date "2017.06.05"]
[Round "1.2"]
[White "Iagar, Razvan-Gabriel"]
[Black "Almagro Llamas, Pablo"]
[Result "0-1"]
[WhiteElo "2183"]
[BlackElo "2466"]
[PlyCount "122"]
[EventDate "2017.06.05"]
[EventType "swiss"]
[EventRounds "9"]
[EventCountry "ESP"]
[SourceTitle "Ajedrez en Madrid"]
[Source "lmi"]
[SourceDate "2017.06.05"]

1. d4 Nf6 2. c4 g6 3. Nc3 Bg7 4. Nf3 O-O 5. g3 d6 6. Bg2 Nbd7 7. O-O e5 8. e4
exd4 9. Nxd4 Nc5 10. Re1 Re8 11. f3 Nfd7 12. Be3 Ne5 13. b3 f5 14. Qc2 fxe4 15.
Nxe4 Nxe4 16. fxe4 Ng4 17. Rad1 Nxe3 18. Rxe3 Qg5 19. Ree1 Bg4 20. Nf3 Qh5 21.
Rd5 Qh6 22. Qd2 Qxd2 23. Nxd2 Re7 24. Nf1 Bf5 25. Rdd1 Rae8 26. Ne3 Bc8 27. Nd5
Rf7 28. Rf1 Ref8 29. Rxf7 Rxf7 30. Rd3 Kf8 31. Nf4 g5 32. Bh3 g4 33. Bg2 Be5
34. Nd5 c5 35. Rd1 Bd7 36. a4 Bd4+ 37. Kh1 a6 38. Rf1 Ke8 39. Nc7+ Kf8 40. Nd5
Kg7 41. Rxf7+ Kxf7 42. Bf1 Ke6 43. Kg2 Ke5 44. Bd3 Be8 45. Nb6 Be3 46. Bb1 Bc6
47. Nd5 Kd4 48. Bc2 h6 49. h3 gxh3+ 50. Kxh3 Bxd5 51. exd5 Kc3 52. Bd1 Kd2 53.
Bg4 Kc2 54. a5 Kxb3 55. Bc8 Kxc4 56. Bxb7 Kb5 57. Kg4 Bd2 58. Kf3 Bxa5 59. Ke4
Be1 60. g4 a5 61. Kd3 Kb4 0-1

[Event "Madrid ch 2016-2017 - Final"]
[Site "Madrid ESP"]
[Date "2017.06.05"]
[Round "1.3"]
[White "Espinosa Aranda, Angel"]
[Black "Pastor Alonso De Prado, Alberto"]
[Result "1/2-1/2"]
[WhiteElo "2456"]
[BlackElo "2169"]
[PlyCount "96"]
[EventDate "2017.06.05"]
[EventType "swiss"]
[EventRounds "9"]
[EventCountry "ESP"]
[SourceTitle "Ajedrez en Madrid"]
[Source "lmi"]
[SourceDate "2017.06.05"]

1. e4 b6 2. d4 Bb7 3. Bd3 Nc6 4. c3 e5 5. d5 Nce7 6. Ne2 Ng6 7. O-O Nf6 8. Nd2
c6 9. c4 Be7 10. Nf3 O-O 11. Ng3 Re8 12. a4 Bf8 13. Re1 h6 14. Bd2 a6 15. a5 b5
16. b3 Bc5 17. b4 Bd4 18. Nxd4 exd4 19. d6 Ne5 20. Qb3 bxc4 21. Bxc4 Qb8 22.
Nf5 c5 23. Qg3 Nh5 24. Nxh6+ Kh7 25. Qh3 Nxc4 26. Qxh5 g6 27. Qh4 Nxd2 28. Ng4+
Kg8 29. e5 Re6 30. Ra3 Bxg2 31. Kxg2 Qb7+ 32. f3 Qxb4 33. Rd3 Nc4 34. f4 Ne3+
35. Nxe3 g5 36. Qg3 dxe3 37. f5 Qe4+ 38. Kg1 Qxf5 39. Rdxe3 Qf4 40. Qxf4 gxf4
41. Rh3 f6 42. Kf2 fxe5 43. Rg1+ Kf7 44. Rh7+ Kf6 45. Kf3 Rxd6 46. Rh6+ Ke7 47.
Rh7+ Kf6 48. Rh6+ Ke7 1/2-1/2

[Event "Madrid ch 2016-2017 - Final"]
[Site "Madrid ESP"]
[Date "2017.06.05"]
[Round "1.4"]
[White "Torres Bosch, Jose Francisco"]
[Black "Moreno Ruiz, Javier"]
[Result "0-1"]
[WhiteElo "2132"]
[BlackElo "2447"]
[PlyCount "72"]
[EventDate "2017.06.05"]
[EventType "swiss"]
[EventRounds "9"]
[EventCountry "ESP"]
[SourceTitle "Ajedrez en Madrid"]
[Source "lmi"]
[SourceDate "2017.06.05"]

1. e4 c5 2. Nf3 g6 3. c3 Bg7 4. d4 cxd4 5. cxd4 d5 6. e5 a6 7. Bd3 Nc6 8. Nc3
Bg4 9. Be3 e6 10. h3 Bxf3 11. Qxf3 f6 12. Qg4 fxe5 13. Qxe6+ Qe7 14. Qxe7+
Ngxe7 15. Ne2 exd4 16. Bd2 Ne5 17. Nc1 Rc8 18. Bb1 O-O 19. Nd3 N7c6 20. b3
Nxd3+ 21. Bxd3 Ne5 22. Be2 d3 23. Bd1 Nc4 24. bxc4 Bxa1 25. cxd5 Bd4 26. O-O
Kg7 27. g4 Rcd8 28. Bb3 Rf3 29. Bb4 Rd7 30. d6 d2 31. Kg2 Rf6 32. f3 b6 33. Rd1
Be3 34. h4 h6 35. Bc3 Rdxd6 36. Kf1 Bd4 0-1

[Event "Madrid ch 2016-2017 - Final"]
[Site "Madrid ESP"]
[Date "2017.06.05"]
[Round "1.5"]
[White "Valles Moreno, Ivan"]
[Black "Cervino Rossel, Cristobal"]
[Result "1-0"]
[WhiteElo "2438"]
[BlackElo "2100"]
[PlyCount "41"]
[EventDate "2017.06.05"]
[EventType "swiss"]
[EventRounds "9"]
[EventCountry "ESP"]
[SourceTitle "Ajedrez en Madrid"]
[Source "lmi"]
[SourceDate "2017.06.05"]

1. e4 e5 2. Nc3 Nf6 3. Bc4 Bc5 4. f4 d6 5. Nf3 O-O 6. d3 c6 7. fxe5 dxe5 8. Qe2
b5 9. Bb3 a5 10. a4 b4 11. Nd1 Nbd7 12. Bg5 h6 13. Bh4 Be7 14. Ne3 g6 15. Bg3
Ba6 16. Nxe5 Nxe5 17. Bxe5 Nxe4 18. Qg4 Ng5 19. h4 Bc8 20. hxg5 Bxg5 21. Rxh6
1-0

[Event "Madrid ch 2016-2017 - Final"]
[Site "Madrid ESP"]
[Date "2017.06.05"]
[Round "1.6"]
[White "Anton Veiga, Juan Carlos"]
[Black "Perez Mitjans, Orelvis"]
[Result "0-1"]
[WhiteElo "2096"]
[BlackElo "2413"]
[PlyCount "122"]
[EventDate "2017.06.05"]
[EventType "swiss"]
[EventRounds "9"]
[EventCountry "ESP"]
[SourceTitle "Ajedrez en Madrid"]
[Source "lmi"]
[SourceDate "2017.06.05"]

1. e4 d5 2. exd5 Qxd5 3. Nc3 Qa5 4. g3 Nf6 5. Bg2 Nc6 6. Nf3 Qh5 7. h3 Bd7 8.
d3 O-O-O 9. Be3 h6 10. a3 e5 11. Nh4 Qxd1+ 12. Rxd1 Nd4 13. Bxd4 exd4 14. Ne2
c5 15. O-O Bd6 16. Nf3 Ba4 17. Rc1 Rhe8 18. Rfe1 Re7 19. Kf1 Bc6 20. Neg1 Rc7
21. Nd2 Bd7 22. Ngf3 Nd5 23. h4 Be6 24. a4 Nb4 25. b3 Be7 26. Ne4 Rg8 27. Ne5
g5 28. hxg5 hxg5 29. Nc4 g4 30. Na3 Rd7 31. Re2 Rd5 32. Ra1 Rh5 33. Nc4 Rgh8
34. Kg1 Bd5 35. f3 gxf3 36. Bxf3 R5h6 37. Rf1 f5 38. Ned2 Bxf3 39. Nxf3 Bd8 40.
Nh2 Rg6 41. Rg2 Rh5 42. Rf3 Bc7 43. Nf1 Rhg5 44. Rh2 b6 45. Re2 f4 46. Kf2
fxg3+ 47. Kg2 Nd5 48. Re8+ Kb7 49. Ref8 Rh5 50. R8f7 Kc6 51. Nxg3 Rhg5 52.
Rxc7+ Kxc7 53. Kf2 Nb4 54. Na3 Rg7 55. Kg2 a6 56. Kf2 R5g6 57. Nc4 Nxc2 58. Ne5
Re6 59. Nc4 Ne1 60. Rf5 Nxd3+ 61. Kf3 b5 0-1

[Event "Madrid ch 2016-2017 - Final"]
[Site "Madrid ESP"]
[Date "2017.06.05"]
[Round "1.7"]
[White "Elissalt Cardenas, Hector"]
[Black "Casares Ripoll, Fernando"]
[Result "1/2-1/2"]
[WhiteElo "2380"]
[BlackElo "2087"]
[PlyCount "126"]
[EventDate "2017.06.05"]
[EventType "swiss"]
[EventRounds "9"]
[EventCountry "ESP"]
[SourceTitle "Ajedrez en Madrid"]
[Source "lmi"]
[SourceDate "2017.06.05"]

1. Nf3 Nc6 2. d4 d5 3. e3 Bg4 4. Be2 e6 5. h3 Bh5 6. c4 Bb4+ 7. Bd2 Bxd2+ 8.
Nbxd2 Nge7 9. cxd5 exd5 10. a3 O-O 11. b4 Bg6 12. O-O Nf5 13. Qb3 Nce7 14. b5
Nd6 15. Rfc1 Ne4 16. Nxe4 Bxe4 17. Nd2 Bf5 18. Qc3 c6 19. bxc6 Nxc6 20. Qc5 Rc8
21. Qb5 Qa5 22. Nb3 Qxb5 23. Bxb5 Ne7 24. Na5 Rxc1+ 25. Rxc1 Rc8 26. Rxc8+ Bxc8
27. f3 f5 28. Kf2 Kf7 29. Nb3 b6 30. Nc1 Ke6 31. Nd3 Bd7 32. Nf4+ Kd6 33. Bd3
g6 34. g4 b5 35. Ke1 a6 36. Kd2 Nc6 37. Kc3 Na5 38. gxf5 gxf5 39. h4 Nc4 40.
Bxc4 dxc4 41. e4 fxe4 42. fxe4 Bg4 43. Kb4 Bf3 44. e5+ Kc6 45. a4 Be4 46. axb5+
axb5 47. Kc3 Bf3 48. Ne6 Bg4 49. Ng5 h5 50. Ne4 Kd5 51. Nf6+ Ke6 52. Kb4 Be2
53. Kc5 Bf3 54. Ne8 Kd7 55. Nd6 Bc6 56. Nf5 Bf3 57. Kb4 Ke6 58. Ne3 Bc6 59. Kc5
Be4 60. Kb4 Bc6 61. Kc3 Be4 62. Nd1 Bf3 63. Ne3 Be4 1/2-1/2

[Event "Madrid ch 2016-2017 - Final"]
[Site "Madrid ESP"]
[Date "2017.06.05"]
[Round "1.8"]
[White "Martinez Fernandez, Raul"]
[Black "Candela Perez, Jose"]
[Result "0-1"]
[WhiteElo "2066"]
[BlackElo "2370"]
[PlyCount "66"]
[EventDate "2017.06.05"]
[EventType "swiss"]
[EventRounds "9"]
[EventCountry "ESP"]
[SourceTitle "Ajedrez en Madrid"]
[Source "lmi"]
[SourceDate "2017.06.05"]

1. e4 c5 2. Nf3 d6 3. Bb5+ Nd7 4. O-O Ngf6 5. Qe2 a6 6. Bxd7+ Bxd7 7. e5 dxe5
8. Nxe5 Be6 9. b3 g6 10. Bb2 Bg7 11. d3 O-O 12. Nd2 Qc7 13. Ndf3 b5 14. c4 Bc8
15. d4 cxd4 16. Nxd4 Nh5 17. Ndf3 f6 18. Nd3 bxc4 19. bxc4 Qxc4 20. Rfc1 Qe6
21. Qxe6+ Bxe6 22. Rc7 Bf5 23. Nb4 e5 24. Nd5 Be6 25. Nb6 Rab8 26. Rc6 Rfe8 27.
a4 Nf4 28. a5 Rbd8 29. g3 Bg4 30. Ne1 Nh3+ 31. Kg2 Bf5 32. Nf3 Be4 33. Rc3 Ng5
0-1

[Event "Madrid ch 2016-2017 - Final"]
[Site "Madrid ESP"]
[Date "2017.06.05"]
[Round "1.9"]
[White "Martin Duque, Jesus"]
[Black "Lopez De Turiso, Jose Angel"]
[Result "1-0"]
[WhiteElo "2342"]
[BlackElo "2061"]
[PlyCount "81"]
[EventDate "2017.06.05"]
[EventType "swiss"]
[EventRounds "9"]
[EventCountry "ESP"]
[SourceTitle "Ajedrez en Madrid"]
[Source "lmi"]
[SourceDate "2017.06.05"]

1. e4 c5 2. Nf3 Nc6 3. d4 cxd4 4. Nxd4 e5 5. Nb5 a6 6. Nd6+ Bxd6 7. Qxd6 Qf6 8.
Qxf6 Nxf6 9. Nc3 d5 10. exd5 Nb4 11. Bd3 Nxd3+ 12. cxd3 Bf5 13. Bg5 Bxd3 14.
Rd1 Bf5 15. Bxf6 gxf6 16. O-O b5 17. a3 O-O 18. f4 Bc2 19. Rd2 Bb3 20. Rf3 Rad8
21. Ne4 f5 22. Nf6+ Kg7 23. fxe5 Ba2 24. Rd1 b4 25. axb4 Rc8 26. Ra3 Bc4 27.
Rg3+ Kh8 28. Rd4 f4 29. Rxf4 Ba2 30. Rh4 Bb1 31. Rc3 Bg6 32. Kf2 Rfd8 33. Ke3
Rb8 34. b3 Rb5 35. Rc5 Rdb8 36. Rxb5 axb5 37. Kd4 Rc8 38. d6 Kg7 39. d7 Rd8 40.
Kc5 Bf5 41. Kd6 1-0

[Event "Madrid ch 2016-2017 - Final"]
[Site "Madrid ESP"]
[Date "2017.06.05"]
[Round "1.10"]
[White "Pindado Campos, Raul"]
[Black "Martin Rueda, Daniel"]
[Result "1-0"]
[WhiteElo "2056"]
[BlackElo "2302"]
[PlyCount "97"]
[EventDate "2017.06.05"]
[EventType "swiss"]
[EventRounds "9"]
[EventCountry "ESP"]
[SourceTitle "Ajedrez en Madrid"]
[Source "lmi"]
[SourceDate "2017.06.05"]

1. d4 Nf6 2. Nf3 e6 3. c4 b6 4. g3 Bb7 5. Bg2 Be7 6. Nc3 O-O 7. O-O Ne4 8. Qc2
Nxc3 9. Qxc3 c5 10. e3 Qc7 11. b3 Bf6 12. Bb2 d5 13. Rac1 dxc4 14. bxc4 Nc6 15.
Rfd1 Rac8 16. Qd2 cxd4 17. exd4 Na5 18. c5 b5 19. Qe2 Nc4 20. Ba1 Rfd8 21. Nd2
Bxg2 22. Kxg2 Nxd2 23. Rxd2 Qc6+ 24. Kg1 Bg5 25. Qg4 Rd5 26. f4 Bf6 27. Rf1 g6
28. h4 Qd7 29. Rfd1 h5 30. Qe2 Bg7 31. Kh2 Qc6 32. Rb1 Rb8 33. Bc3 a5 34. Bxa5
Bxd4 35. Rxd4 Rxd4 36. Qe5 Rbd8 37. Rb2 Rd1 38. Rg2 R8d5 39. Qb8+ Kg7 40. Bc3+
e5 41. Bxe5+ f6 42. Bd6 Kf7 43. Qf8+ Ke6 44. f5+ Kxf5 45. Rf2+ Ke4 46. Qe7+ Kd3
47. Qe2+ Kc3 48. Qb2+ Kc4 49. Qb3+ 1-0

[Event "Madrid ch 2016-2017 - Final"]
[Site "Madrid ESP"]
[Date "2017.06.05"]
[Round "1.11"]
[White "Quispe Arteaga, Gabriel"]
[Black "Correas Gonzalez, Jose Ramon"]
[Result "1-0"]
[WhiteElo "2294"]
[BlackElo "2055"]
[PlyCount "38"]
[EventDate "2017.06.05"]
[EventType "swiss"]
[EventRounds "9"]
[EventCountry "ESP"]
[SourceTitle "Ajedrez en Madrid"]
[Source "lmi"]
[SourceDate "2017.06.05"]

1. d4 Nf6 2. c4 g6 3. Nc3 Bg7 4. g3 O-O 5. Bg2 d6 6. Nf3 c6 7. O-O Qa5 8. Bd2
Qh5 9. Qb3 e5 10. dxe5 dxe5 11. Ng5 Rd8 12. Rad1 Na6 13. h3 e4 14. Ncxe4 Nxe4
15. Nxe4 Bxh3 16. Bxh3 Qxh3 17. Qxb7 Qe6 18. Ng5 Qxc4 19. b3 Nc5 1-0

[Event "Madrid ch 2016-2017 - Final"]
[Site "Madrid ESP"]
[Date "2017.06.05"]
[Round "1.12"]
[White "Pana, Dorin"]
[Black "Quevedo Marin, Manuel"]
[Result "0-1"]
[WhiteElo "2038"]
[BlackElo "2292"]
[PlyCount "62"]
[EventDate "2017.06.05"]
[EventType "swiss"]
[EventRounds "9"]
[EventCountry "ESP"]
[SourceTitle "Ajedrez en Madrid"]
[Source "lmi"]
[SourceDate "2017.06.05"]

1. e4 e5 2. Nf3 Nc6 3. Bb5 a6 4. Bxc6 dxc6 5. O-O Ne7 6. c3 Bg4 7. h3 Bh5 8.
Re1 f6 9. a4 c5 10. Qe2 Nc6 11. d3 Qd6 12. Rd1 O-O-O 13. Na3 Bf7 14. Be3 g5 15.
d4 cxd4 16. cxd4 exd4 17. Nxd4 Nxd4 18. Rxd4 Qe6 19. Rxd8+ Kxd8 20. Qd3+ Bd6
21. Rc1 Re8 22. f3 Qe5 23. Nc4 Bxc4 24. Rxc4 Ke7 25. b4 Rd8 26. Bd4 Qh2+ 27.
Kf1 Qh1+ 28. Kf2 Ke6 29. Qc3 Bh2 30. f4 Qg1+ 31. Kf3 Qf1+ 0-1

[Event "Madrid ch 2016-2017 - Final"]
[Site "Madrid ESP"]
[Date "2017.06.05"]
[Round "1.13"]
[White "Madina Yadarola, Martin"]
[Black "Gonzalez Rivera, Eduardo"]
[Result "1-0"]
[WhiteElo "2215"]
[BlackElo "2036"]
[PlyCount "105"]
[EventDate "2017.06.05"]
[EventType "swiss"]
[EventRounds "9"]
[EventCountry "ESP"]
[SourceTitle "Ajedrez en Madrid"]
[Source "lmi"]
[SourceDate "2017.06.05"]

1. e4 e5 2. Nf3 Nc6 3. d4 exd4 4. Nxd4 Nf6 5. Nxc6 bxc6 6. e5 Qe7 7. Qe2 Nd5 8.
Nd2 g6 9. Nf3 Bg7 10. c4 Nb6 11. Bg5 Qb4+ 12. Qd2 Qxd2+ 13. Bxd2 O-O 14. O-O-O
Re8 15. Bf4 c5 16. Bd3 Bb7 17. Rhe1 h6 18. b3 Rad8 19. h4 Bf8 20. Nd2 d5 21.
exd6 Bxd6 22. Bxh6 Bxg2 23. Bg5 Rc8 24. h5 Kg7 25. hxg6 f6 26. Be3 Nd7 27. Bf5
Ne5 28. Rg1 Bc6 29. Bxc8 Rxc8 30. Kc2 Bd7 31. Bf4 Bf5+ 32. Kc3 Nxc4 33. Nxc4
Bxf4 34. Rd5 Bxg6 35. Rxc5 Rh8 36. Rg4 Rh3+ 37. Kb4 Rf3 38. Rg2 Kf7 39. Ra5 Bd3
40. Ne3 Bd6+ 41. Kc3 Be4 42. Rg1 Rxf2 43. Nc4 Bh2 44. Re1 f5 45. Nd2 Bg2 46.
Rxa7 Kf6 47. Ra6+ Kg5 48. a4 Bf4 49. Nc4 Be4 50. Re6 Bg3 51. R1xe4 fxe4 52.
Rxe4 c5 53. Ne3 1-0

[Event "Madrid ch 2016-2017 - Final"]
[Site "Madrid ESP"]
[Date "2017.06.05"]
[Round "1.14"]
[White "Pablos Tenrero, Raquel"]
[Black "Prieto Martin, Alfonso"]
[Result "0-1"]
[WhiteElo "1988"]
[BlackElo "2210"]
[PlyCount "60"]
[EventDate "2017.06.05"]
[EventType "swiss"]
[EventRounds "9"]
[EventCountry "ESP"]
[SourceTitle "Ajedrez en Madrid"]
[Source "lmi"]
[SourceDate "2017.06.05"]

1. e4 c5 2. Nf3 g6 3. d4 cxd4 4. Nxd4 Nc6 5. Nc3 Bg7 6. Nde2 Nf6 7. g3 O-O 8.
Bg2 d6 9. h3 Rb8 10. O-O b5 11. Kh2 Ba6 12. Nd5 Nd7 13. Re1 Nde5 14. c3 b4 15.
Nef4 e6 16. Nxb4 Nxb4 17. cxb4 Rxb4 18. a3 Rb6 19. Rb1 Qb8 20. b4 Rc8 21. Be3
Rb7 22. Bd4 Rbc7 23. b5 Bb7 24. b6 axb6 25. Bxb6 Rc4 26. Be3 Qa8 27. Bf1 Bxe4
28. Be2 Bxb1 29. Qxb1 Rc2 30. Nd3 Rxe2 0-1

[Event "Madrid ch 2016-2017 - Final"]
[Site "Madrid ESP"]
[Date "2017.06.05"]
[Round "1.15"]
[White "Longa Yauca, Javier"]
[Black "Rosa Ramirez, Victor D"]
[Result "1-0"]
[WhiteElo "2210"]
[BlackElo "1957"]
[PlyCount "62"]
[EventDate "2017.06.05"]
[EventType "swiss"]
[EventRounds "9"]
[EventCountry "ESP"]
[SourceTitle "Ajedrez en Madrid"]
[Source "lmi"]
[SourceDate "2017.06.05"]

1. d4 e6 2. c4 Nf6 3. Nf3 d5 4. Nc3 c6 5. Bg5 Nbd7 6. e3 Qa5 7. Nd2 Bb4 8. Qc2
Ne4 9. Ndxe4 dxe4 10. Bh4 O-O 11. Be2 f5 12. O-O e5 13. d5 Nf6 14. Rfd1 Bd7 15.
Rac1 Rac8 16. Qb3 c5 17. f3 Bxc3 18. Rxc3 Qc7 19. a3 h6 20. d6 Qc6 21. Bg3 Rfe8
22. f4 exf4 23. Bxf4 g5 24. Bg3 b6 25. Rc2 Re6 26. Rcd2 Rf8 27. Qc3 Be8 28. d7
Nxd7 29. Rd6 Rxd6 30. Rxd6 Qc8 31. Rxh6 Kf7 1-0

[Event "Madrid ch 2016-2017 - Final"]
[Site "Madrid ESP"]
[Date "2017.06.06"]
[Round "2.1"]
[White "Almagro Llamas, Pablo"]
[Black "Quispe Arteaga, Gabriel"]
[Result "1/2-1/2"]
[WhiteElo "2466"]
[BlackElo "2294"]
[PlyCount "116"]
[EventDate "2017.06.05"]
[EventType "swiss"]
[EventRounds "9"]
[EventCountry "ESP"]
[SourceTitle "Ajedrez en Madrid"]
[Source "lmi"]
[SourceDate "2017.06.05"]

1. d4 d5 2. c4 e6 3. Nc3 Be7 4. Nf3 Nf6 5. Bg5 h6 6. Bh4 O-O 7. e3 b6 8. cxd5
Nxd5 9. Bxe7 Qxe7 10. Nxd5 exd5 11. Be2 Be6 12. O-O c5 13. a3 Nc6 14. dxc5 bxc5
15. Qc2 Rac8 16. Rac1 Nb8 17. e4 Qf6 18. exd5 Bxd5 19. Qc3 Qxc3 20. Rxc3 Bxf3
21. Bxf3 Nd7 22. Rd1 Nb6 23. Rdc1 Na4 24. R3c2 Rb8 25. Rb1 Rb6 26. b3 Rfb8 27.
Bd5 Rd6 28. Rd1 Kf8 29. g3 Rbd8 30. bxa4 Rxd5 31. Rxd5 Rxd5 32. Rb2 Ke7 33. Kf1
Kd6 34. Rb8 c4 35. Ke2 Ra5 36. Rb4 Kd5 37. Ke3 a6 38. h4 g6 39. g4 f5 40. gxf5
gxf5 41. h5 f4+ 42. Kxf4 Kd4 43. Kg4 Rg5+ 44. Kh4 a5 45. Rb6 c3 46. Rxh6 c2 47.
Kxg5 c1=Q+ 48. f4 Qg1+ 49. Kf5 Qb1+ 50. Kg5 Qg1+ 51. Kf5 Qe3 52. Rd6+ Kc5 53.
Rg6 Kd5 54. h6 Qe4+ 55. Kg5 Qg2+ 56. Kf6 Qb2+ 57. Kg5 Qg2+ 58. Kf6 Qb2+ 1/2-1/2

[Event "Madrid ch 2016-2017 - Final"]
[Site "Madrid ESP"]
[Date "2017.06.06"]
[Round "2.2"]
[White "Moreno Ruiz, Javier"]
[Black "Madina Yadarola, Martin"]
[Result "1-0"]
[WhiteElo "2447"]
[BlackElo "2215"]
[PlyCount "107"]
[EventDate "2017.06.05"]
[EventType "swiss"]
[EventRounds "9"]
[EventCountry "ESP"]
[SourceTitle "Ajedrez en Madrid"]
[Source "lmi"]
[SourceDate "2017.06.05"]

1. d4 Nf6 2. c4 g6 3. Nc3 Bg7 4. e4 d6 5. Be2 O-O 6. Nf3 e5 7. d5 a5 8. Bg5 h6
9. Bh4 g5 10. Bg3 Nh5 11. h4 Nf4 12. hxg5 hxg5 13. Kf1 f5 14. exf5 Bxf5 15. Nd2
e4 16. Bxf4 Bxc3 17. Be3 Bf6 18. Nb3 Nd7 19. Nd4 Bxd4 20. Qxd4 Ne5 21. Rh5 Nf7
22. Ke1 Bg6 23. Rh3 Ne5 24. Rg3 Rf5 25. Kd2 c5 26. Qc3 Qf6 27. Rh1 a4 28. Kd1
a3 29. bxa3 Kg7 30. Qb2 Nf7 31. Kc2 Re8 32. Qxf6+ Rxf6 33. Kb3 Ra8 34. a4 Ra6
35. a3 Rb6+ 36. Kc3 Ra6 37. Bd1 Rf5 38. Bc2 Re5 39. Rb1 Ra7 40. Rb6 Kh6 41.
Rh3+ Kg7 42. Rh1 Re7 43. Rhb1 Rc7 44. R1b5 Kh6 45. a5 Kh5 46. a4 Bf5 47. a6
bxa6 48. Ra5 Bc8 49. Bxe4 Re7 50. f3 Rac7 51. Bf2 Re8 52. g4+ Kh6 53. Rxc5 Rxc5
54. Bxc5 1-0

[Event "Madrid ch 2016-2017 - Final"]
[Site "Madrid ESP"]
[Date "2017.06.06"]
[Round "2.3"]
[White "Quevedo Marin, Manuel"]
[Black "Valles Moreno, Ivan"]
[Result "0-1"]
[WhiteElo "2292"]
[BlackElo "2438"]
[PlyCount "52"]
[EventDate "2017.06.05"]
[EventType "swiss"]
[EventRounds "9"]
[EventCountry "ESP"]
[SourceTitle "Ajedrez en Madrid"]
[Source "lmi"]
[SourceDate "2017.06.05"]

1. d4 Nf6 2. c4 g6 3. Nc3 Bg7 4. e4 d6 5. Be2 O-O 6. Be3 Na6 7. Qd2 e5 8. d5
Nc5 9. f3 a5 10. g4 a4 11. O-O-O Bd7 12. Kb1 Qb8 13. h4 Qa7 14. h5 Qa5 15. Nb5
Qxd2 16. Rxd2 Nfxe4 17. fxe4 Nxe4 18. Rc2 c6 19. dxc6 bxc6 20. Nxd6 Nxd6 21.
Rd2 Bxg4 22. Rxd6 Bf5+ 23. Kc1 Rfb8 24. Rxc6 a3 25. Rb6 Rxb6 26. Bxb6 Bh6+ 0-1

[Event "Madrid ch 2016-2017 - Final"]
[Site "Madrid ESP"]
[Date "2017.06.06"]
[Round "2.4"]
[White "Perez Mitjans, Orelvis"]
[Black "Longa Yauca, Javier"]
[Result "1/2-1/2"]
[WhiteElo "2413"]
[BlackElo "2210"]
[PlyCount "169"]
[EventDate "2017.06.05"]
[EventType "swiss"]
[EventRounds "9"]
[EventCountry "ESP"]
[SourceTitle "Ajedrez en Madrid"]
[Source "lmi"]
[SourceDate "2017.06.05"]

1. e4 e6 2. d4 d5 3. Nc3 Nf6 4. e5 Nfd7 5. f4 c5 6. Nf3 Nc6 7. Be3 cxd4 8. Nxd4
Bc5 9. Qd2 O-O 10. O-O-O Nxd4 11. Bxd4 Bxd4 12. Qxd4 a6 13. h4 Qc7 14. h5 Qc5
15. Qd2 f6 16. exf6 Nxf6 17. h6 g6 18. Be2 Bd7 19. Bf3 Rad8 20. Rhe1 Bc8 21.
Ne2 Ne8 22. Nd4 Nc7 23. Re5 Rf6 24. Bg4 Qf8 25. g3 Qxh6 26. Qa5 Qg7 27. Qb6 Qe7
28. Rde1 Qd6 29. Qb3 Kf7 30. Qe3 Bd7 31. Bh3 Rf8 32. g4 Kg8 33. f5 exf5 34.
gxf5 gxf5 35. Bg2 Kh8 36. Qc3 f4 37. Bf3 R8f7 38. Bh5 Rg7 39. Nf3 b5 40. Ng5
Kg8 41. Qd4 Rf5 42. Rxf5 Bxf5 43. Rg1 Bg6 44. Bf3 Re7 45. Ne4 Qe5 46. Qxe5 Rxe5
47. Nc5 Re3 48. Rf1 Re7 49. Bg4 h5 50. Bd1 Rf7 51. Kd2 Kg7 52. b4 Kh6 53. Bf3
Re7 54. Be2 Kg5 55. Rg1+ Kf6 56. Rf1 Kg5 57. Rg1+ Kh6 58. Rf1 Rf7 59. Bf3 Kg7
60. a4 bxa4 61. Nxa4 Kf6 62. Nc3 Ke5 63. Rg1 Bf5 64. Re1+ Kd6 65. Bxh5 Rh7 66.
Bd1 Rh2+ 67. Kc1 Ne6 68. Ne2 Be4 69. Rf1 Ke5 70. c3 Rg2 71. Ng1 Ra2 72. Nf3+
Bxf3 73. Rxf3 Ng5 74. Rd3 Rf2 75. Bb3 f3 76. Rxd5+ Kf4 77. Bc4 Ne4 78. Rd4 Re2
79. Bxe2 fxe2 80. Rxe4+ Kxe4 81. Kd2 e1=Q+ 82. Kxe1 Kd3 83. Kd1 Kxc3 84. Kc1
Kxb4 85. Kb2 1/2-1/2

[Event "Madrid ch 2016-2017 - Final"]
[Site "Madrid ESP"]
[Date "2017.06.06"]
[Round "2.5"]
[White "Candela Perez, Jose"]
[Black "Pindado Campos, Raul"]
[Result "1-0"]
[WhiteElo "2370"]
[BlackElo "2056"]
[PlyCount "59"]
[EventDate "2017.06.05"]
[EventType "swiss"]
[EventRounds "9"]
[EventCountry "ESP"]
[SourceTitle "Ajedrez en Madrid"]
[Source "lmi"]
[SourceDate "2017.06.05"]

1. d4 g6 2. Nf3 Bg7 3. g3 Nf6 4. Bg2 d5 5. O-O O-O 6. c4 c6 7. b3 Na6 8. Bb2
Bf5 9. Ne5 h5 10. Nd2 Nc7 11. Ndf3 Ne4 12. Rc1 Bh6 13. e3 f6 14. Nd3 Bg4 15.
Qc2 Qc8 16. cxd5 Bxf3 17. Bxf3 Ng5 18. Ne1 Kg7 19. dxc6 b6 20. Bg2 Qg4 21. h4
Nf7 22. Qe4 Qc8 23. Qxe7 Re8 24. Qd7 Qb8 25. d5 Rd8 26. Qe7 Rd6 27. Ba3 Rxd5
28. Bxd5 Nxd5 29. c7 Qc8 30. Qf8+ 1-0

[Event "Madrid ch 2016-2017 - Final"]
[Site "Madrid ESP"]
[Date "2017.06.06"]
[Round "2.6"]
[White "Serrano Garcia, Vicente"]
[Black "Martin Duque, Jesus"]
[Result "0-1"]
[WhiteElo "1841"]
[BlackElo "2342"]
[PlyCount "60"]
[EventDate "2017.06.05"]
[EventType "swiss"]
[EventRounds "9"]
[EventCountry "ESP"]
[SourceTitle "Ajedrez en Madrid"]
[Source "lmi"]
[SourceDate "2017.06.05"]

1. d4 Nf6 2. Nf3 e6 3. Bg5 h6 4. Bh4 g5 5. Bg3 Ne4 6. e3 d6 7. Nbd2 Nxg3 8.
hxg3 Bg7 9. Bd3 Nd7 10. Qe2 Qe7 11. c3 a6 12. a4 b6 13. Be4 Ra7 14. c4 c5 15.
Nb3 Bb7 16. Bxb7 Rxb7 17. Rd1 O-O 18. e4 cxd4 19. Nbxd4 Rc8 20. O-O Rbc7 21. b3
Nc5 22. Qe3 Qf6 23. g4 Qf4 24. Rfe1 Qxg4 25. e5 dxe5 26. Nxe5 Qf4 27. Qe2 Qxe5
28. Qxe5 Bxe5 29. Rxe5 Rd7 30. Re2 Nxb3 0-1